000 00491nam a2200193Ia 4500
003 GCL
008 140319s9999 xx 000 0 ara d
040 _aGCL /
_cGCL
082 0 4 _aط
_b372.414
_bب ا
100 1 _aبورى، ا
245 1 0 _aاقرا واكتب ا ب ج /
_cبورى، ا
260 _a[S.N] :
_bدار الجيل
300 _a31 ص
490 _a
650 0 4 _aالتعليم
650 0 4 _aالاطفال
650 0 4 _aتعليم الاطفال
942 _2ddc
_cBK
999 _c56286
_d56286